书目信息 |
| 题名: |
Protel DXP电路设计与制版实用教程
|
|
| 作者: | 甘登岱 编著 | |
| 分册: | ||
| 出版信息: | 北京 人民邮电出版社 2004.7 |
|
| 页数: | 281页 | |
| 开本: | 26cm | |
| 丛书名: | ||
| 单 册: | ||
| 中图分类: | TN410.2 , TN410.2-43 | |
| 科图分类: | ||
| 主题词: | 印刷电路--计算机辅助设计--应用软件, Protel DXP--技术培训--教材 , 计算机辅助设计 | |
| 电子资源: | ||
| ISBN: | 7-115-11744-6 | |
| 000 | 00787nam0 2200253 45 | |
| 001 | 012004000000 | |
| 005 | 20061030093703.06 | |
| 010 | @a7-115-11744-6@dCNY 25.00 | |
| 100 | @a20041120d2004 em y0chiy0121 ea | |
| 101 | 0 | @achi |
| 102 | @aCN@b110000 | |
| 105 | @aa z 000yy | |
| 200 | 1 | @aProtel DXP电路设计与制版实用教程@AProtel DXP dian lu she ji yu zhi ban shi yong jiao cheng@f甘登岱主编 |
| 210 | @a北京@c人民邮电出版社@d2004.7 | |
| 215 | @a281页@c图@d26cm | |
| 300 | @a电脑联校培训用书 | |
| 606 | 0 | @a印刷电路@x计算机辅助设计@x应用软件, Protel DXP@x技术培训@j教材 |
| 606 | 0 | @a计算机辅助设计 |
| 610 | 1 | @aProtel DXP |
| 690 | @aTN410.2@v4 | |
| 690 | @aTN410.2-43@v3 | |
| 701 | 0 | @a甘登岱@Agan deng dai@4编著 |
| 801 | 0 | @aCN@c20061030 |
| 905 | @a10447@dTN410.2-43@eG020 | |
| Protel DXP电路设计与制版实用教程/甘登岱主编.-北京:人民邮电出版社,2004.7 |
| 281页:图;26cm |
| 电脑联校培训用书 |
| ISBN 7-115-11744-6:CNY 25.00 |
| ● |
| 相关链接 |
|
|
|
正题名:Protel DXP电路设计与制版实用教程
索取号:TN410.2-43/G020
 
预约/预借
| 序号 | 登录号 | 条形码 | 馆藏地/架位号 | 状态 | 备注 |
| 1 | 434459 | 204344593 | 自科库301/301自科库 20排2列1层/ [索取号:TN410.2-43/G020] | 在馆 | |
| 2 | 434460 | 204344600 | 自科库301/301自科库 27排1列2层/ [索取号:TN410.2-43/G020] | 在馆 | |
| 3 | 434461 | 204344619 | 自科库301/301自科库 27排1列2层/ [索取号:TN410.2-43/G020] | 在馆 | |
| 4 | 635222 | 206352221 | 自科库301/301自科库 27排4列1层/ [索取号:TN410.2-43/G020] | 在馆 |